| 000 | 00782cam a2200229 a 4500 | ||
|---|---|---|---|
| 001 | 000008616 | ||
| 005 | 20200929161355.0 | ||
| 008 | 921005s1992 sp a b 001 0dspa | ||
| 020 | _a8432079154 | ||
| 040 |
_aDO-SdBNP _bspa _cLC _dBNPHU |
||
| 082 |
_a944.36081 _bL953c |
||
| 100 | 1 |
_aLuján, Néstor. _923045 |
|
| 245 | 1 | 0 |
_aEn campos de pluma : _bretrato de una Europa desaparecida / _cNéstor Luján. |
| 260 |
_aBarcelona : _bPlaneta, _c1992. |
||
| 300 |
_a279 p. : _bil. ; _c21 cm. |
||
| 490 | 1 |
_aMemoria de la Historia _pEpisodios |
|
| 651 | 4 |
_aParís (France{Rpara} _xHistoria _y1870-1940. _923046 |
|
| 651 | 4 |
_aParís (Francia{Rpara} _xVida Intelectual. _923047 |
|
| 830 | 0 |
_aMemoria de la Historia : _pEpisodios _923048 |
|
| 910 | _aCatalogación por copia / LC | ||
| 049 | _aBNGR | ||
| 999 |
_c8386 _d8386 |
||